Cendawan beracun

Bibliographic Details
Format: Book
Published: Petaling Jaya : Pustaka Angsana , 1996
Subjects:

MARC

LEADER 00000cam a2200000 7i4500
001 0000009693
002 000010558
005 20000330.0
020 |a 9830210626 
090 0 0 |a JF   |b SIR 
245 1 0 |a Cendawan beracun   |c Mohd Zailani Zainodin 
260 |a Petaling Jaya :   |b Pustaka Angsana ,   |c 1996 
300 |a 22p. :   |b ill. ;   |c 21cm. 
650 0 0 |a Children's stories, Malay 
999 |a 046134   |b BUKU   |c PINJAMAN   |e PERPUSTAKAAN KOMUNITI CAW KOTA DAMANSARA 
999 |a 046135   |b BUKU   |c PINJAMAN   |e PERPUSTAKAAN KOMUNITI CAW KOTA DAMANSARA